Vista normal Vista MARC

Entrada Personal Name

Número de registros utilizados en: 1

001 - CONTROL NUMBER

  • control field: 1171

003 - CONTROL NUMBER IDENTIFIER

  • control field: OSt

005 - DATE AND TIME OF LATEST TRANSACTION

  • control field: 20200304160330.0

008 - FIXED-LENGTH DATA ELEMENTS

  • fixed length control field: 200304|| aca||aabn | a|a d

040 ## - CATALOGING SOURCE

  • Original cataloging agency: OSt
  • Transcribing agency: OSt

100 ## - HEADING--PERSONAL NAME

  • Personal name: Rodríguez Tenjo, judith del Pilar,

670 ## - SOURCE DATA FOUND

  • Source citation: Work cat.: (OSt)4904: Rodríguez Tenjo, judith del Pilar, autora, Modelo de implementación del nivel 2 de CMMI en una organización de software pequeña caso : , 2013